00322nam a2200133Ia 4500008004100000100002900041245002400070250001200094260002800106300000800134650002400142942000700166999001500173190216s9999||||xx |||||||||||||| ||und|| aMalhotra.Vp And Gupta.Sn 0aInorganic Chemistry a1st Ed. bRajeeva Prakashanc1975 a384 aChemistry-Chemistry cBK c2080d2080